[Event "Hoogovens-B"]
[Site "Wijk aan Zee"]
[Date "1982.??.??"]
[Round "6"]
[White "Scheeren, Peter"]
[Black "Davies, Nigel R"]
[Result "1-0"]
[WhiteElo "2430"]
[BlackElo "2410"]

1.d4 d5 2.c4 Nc6 3.Nf3 Bg4 4.Qa4 Bxf3 5.exf3 e6 6.cxd5 exd5 7.Bb5 Ne7 8.O-O a6
9.Bd3 b5 10.Qd1 Nxd4 11.Re1 c5 12.Nc3 Qd6 13.b4 c4 14.Bf1 Ne6 15.a4 Rb8 16.axb5 axb5
17.f4 d4 18.Ne4 Qc7 19.Ng5 Qd7 20.Nxe6 fxe6 21.Qh5+ Kd8 22.Ra6 Nc6 23.Qg4 Rc8
24.Qg5+ Be7 25.Qxb5 d3 26.Bd2 Nd4 27.Qb6+ Ke8 28.Bc3 Nb5 29.Rxe6 Kf7 30.Rxe7+ Kxe7
31.Bxg7 Rhf8 32.Ra5 d2 33.Rxb5 d1=Q 34.Re5+ Kf7 35.Qf6+ Kg8 36.Bxf8 Qxf1+
37.Kxf1 Qd3+ 38.Re2 Rxf8 39.Qe6+ Kg7 40.Qe4 Rd8 41.Qxd3  1-0

[Event "Bor"]
[Site "Bor"]
[Date "1983.??.??"]
[Round "11"]
[White "Inkiov, Ventzislav"]
[Black "Sahovic, Dragutin"]
[Result "1/2-1/2"]
[WhiteElo "2500"]
[BlackElo "2475"]

1.d4 d5 2.c4 Nc6 3.Nf3 Bg4 4.cxd5 Bxf3 5.dxc6 Bxc6 6.Nc3 e6 7.e4 Bb4 8.f3 f5
9.Bc4 fxe4 10.O-O exf3 11.Bxe6 Qf6 12.Bg4 Qg6 13.Bxf3 O-O-O 14.Qb3 Bxf3 15.Rxf3 Bd6
16.Nb5 Kb8 17.Qa4 a6 18.Nxd6 Qxd6 19.Bf4 Qd7 20.Qc4 Nf6 21.Be5 Nd5 22.Raf1 Rhe8
23.Qc5 Re7 24.Rf8 b6 25.Qc2 g6 26.Rxd8+ Qxd8 27.Qc6 Ka7 28.a3  1/2-1/2

[Event "Frunze"]
[Site "Frunze"]
[Date "1983.??.??"]
[Round "?"]
[White "Schneider, Attila"]
[Black "Wittmann, Walter"]
[Result "1/2-1/2"]
[WhiteElo "2385"]
[BlackElo "2435"]

1.d4 d5 2.c4 Nc6 3.cxd5 Qxd5 4.Nf3 e5 5.Nc3 Bb4 6.e3 Bg4 7.Be2 exd4 8.exd4 Bxf3
9.Bxf3 Qc4 10.Bxc6+ bxc6 11.Qe2+ Qxe2+ 12.Kxe2 O-O-O 13.Be3 Ne7  1/2-1/2

[Event "Gausdal Jubilee"]
[Site "Gausdal"]
[Date "1983.??.??"]
[Round "5"]
[White "Lein, Anatoly"]
[Black "Cox, John J"]
[Result "1-0"]
[WhiteElo "2490"]
[BlackElo "2345"]

1.d4 d5 2.c4 Nc6 3.Nf3 Bg4 4.Nc3 e6 5.cxd5 exd5 6.Bf4 Nf6 7.e3 Bb4 8.Rc1 Ne4
9.h3 Bh5 10.Be2 O-O 11.O-O Rc8 12.Nxe4 dxe4 13.Ne5 Nxe5 14.Bxe5 Bxe2 15.Qxe2 c6
16.Qc4 Ba5 17.b4 b5 18.Qb3 Bb6 19.Rc3 Qd7 20.Rfc1 Rfe8 21.a4 a6 22.Qa2 Bd8
23.axb5 axb5 24.Qa6 Re6 25.Rc5 Be7 26.Rxb5 c5 27.Qb7 Qxb7 28.Rxb7 c4 29.b5 c3
30.Rc7 Rxc7 31.Bxc7 Bb4 32.b6 Ba5 33.b7  1-0

[Event "Gausdal Jubilee"]
[Site "Gausdal"]
[Date "1983.??.??"]
[Round "9"]
[White "Tisdall, Jonathan D"]
[Black "Cox, John J"]
[Result "1-0"]
[WhiteElo "2440"]
[BlackElo "2345"]

1.d4 d5 2.c4 Nc6 3.Nc3 dxc4 4.Nf3 Nf6 5.Bg5 h6 6.Bxf6 exf6 7.e3 Be7 8.Bxc4 O-O
9.a3 Na5 10.Ba2 b6 11.Qc2 Nb7 12.Rd1 c6 13.O-O Nd6 14.e4 Bg4 15.e5 Nf5 16.d5 Bxf3
17.gxf3 Nh4 18.d6 fxe5 19.dxe7 Qxe7 20.Kh1 Qg5 21.Rg1 Qh5 22.Rg3 Nxf3 23.h3 Nd4
24.Qe4 Kh8 25.Bb1 g6 26.Rxd4 exd4 27.Qxd4+ Kh7 28.Qd7 Rad8 29.Qxc6 Rd2 30.Ne4 Rd1+
31.Kh2 Qe5 32.Nf6+ Kh8 33.Nd7 Qxb2 34.Nxf8 Rxb1 35.Nxg6+ Kh7 36.Nf8+  1-0

[Event "Silkeborg"]
[Site "Silkeborg"]
[Date "1983.??.??"]
[Round "6"]
[White "Brinck Claussen, Bjorn"]
[Black "Fries Nielsen, Jens Ove"]
[Result "1/2-1/2"]
[WhiteElo "2385"]
[BlackElo "2425"]

1.d4 d5 2.c4 Nc6 3.Nc3 dxc4 4.e3 e5 5.d5 Nce7 6.Bxc4 a6 7.Nf3 Ng6 8.O-O Nf6
9.Qc2 Bd6 10.Bd3 Ne7 11.e4 O-O 12.Be2 Ng6 13.h3 Bd7 14.Rd1 Qe8 15.Be3 Nh5
16.Nd2 Nhf4 17.Bg4 h5 18.Bf5 Bb4 19.Nf3 Bxc3 20.Bxd7 Qxd7 21.bxc3 f6 22.Kh2 c6
23.c4 cxd5 24.exd5 Rac8 25.Rac1 Rfe8 26.Qd2 Red8 27.Ng1 Qa4 28.g3 Ne6 29.Qe2 Nef8
30.h4 Ne7 31.d6 Nf5 32.Bb6 Rxd6 33.Rxd6 Nxd6 34.c5 Nf7 35.Qxh5 Qxa2 36.Qf3 Rc6
37.Ne2 Qd2 38.Rc3 e4 39.Qe3 Qd5 40.Nf4 Qe5 41.Rc4 g5 42.hxg5 fxg5 43.Ne2 Rh6+
44.Kg1 Qa1+ 45.Rc1 Qb2 46.Ba5 Qb5 47.Bc3 Qd3 48.Nd4 Qxe3 49.fxe3 Ne5 50.Rf1 Nfd7
51.Rf5 g4 52.Nb3 Nf3+ 53.Kf2 Rh2+ 54.Kf1 Rc2 55.Bd4 Nf8 56.c6 Rxc6 57.Nc5 Ne6
58.Nxe4 Rc1+ 59.Kf2 Rc2+ 60.Kf1 Nexd4 61.exd4 Nxd4 62.Rd5 Ne6 63.Rd6 Kf7
64.Rd7+ Kg6 65.Rxb7 Kf5 66.Nf2 a5 67.Rf7+ Ke5 68.Nxg4+ Kd4 69.Rd7+ Kc3 70.Ne3 Rc1+
71.Kf2 Nc5 72.Ra7 a4 73.Ra8 Kb2 74.Ke2 a3 75.Rb8+ Nb3 76.Nd1+ Ka2 77.Ne3 Rc3
78.Nd5 Rc2+ 79.Ke3 Kb2 80.Nb4 Rc3+ 81.Ke2 Nc1+ 82.Kd2 Nb3+ 83.Ke2 Nd4+ 84.Kd2 Rb3
85.Nd3+ Kb1 86.Rc8 Nf3+ 87.Ke3 Ne5 88.Rc1+ Ka2 89.Rc2+ Ka1 90.Rc1+ Rb1 91.Rc3 a2
92.Nc1 Rxc1 93.Rxc1+ Kb2 94.Re1 a1=Q 95.Rxa1 Kxa1  1/2-1/2

[Event "Yerevan op"]
[Site "Yerevan"]
[Date "1983.??.??"]
[Round "2"]
[White "Hlusevich, S."]
[Black "Shushpanov, Vladimir"]
[Result "1-0"]
[WhiteElo "2200"]
[BlackElo "2240"]

1.d4 d5 2.c4 Nc6 3.Nf3 Bg4 4.cxd5 Bxf3 5.dxc6 Bxc6 6.Nc3 Nf6 7.f3 e5 8.dxe5 Nd7
9.Bf4 g5 10.Be3 Rg8 11.Qc2 Nxe5 12.Bf2 Rg6 13.a3 Qd7 14.Rd1 Bd6 15.e4 O-O-O
16.Be2 Kb8 17.Rd2 Rf8 18.b4 Qe6 19.b5 Bd7 20.Nd5 f5 21.O-O g4 22.Nxc7 Bxc7
23.Qc5 gxf3 24.Qxa7+ Kc8 25.Qa8+ Bb8 26.Rc1+ Bc6 27.Ba7 Rxg2+ 28.Kf1 fxe2+
29.Kxg2 Nd7 30.bxc6 Qxe4+ 31.Kf2 e1=Q+ 32.Rxe1 Qf4+ 33.Ke2 Re8+ 34.Kd1 Qf1
35.Kc2 Qc4+ 36.Kb2 Qb5+ 37.Ka2  1-0

[Event "Aarhus-A"]
[Site "Aarhus"]
[Date "1984.??.??"]
[Round "4"]
[White "Hvenekilde, Jorgen"]
[Black "Jensen, Vagn"]
[Result "0-1"]
[WhiteElo "2290"]
[BlackElo "2205"]

1.d4 d5 2.c4 Nc6 3.Bf4 dxc4 4.e3 e5 5.dxe5 Qxd1+ 6.Kxd1 Be6 7.Nf3 O-O-O+
8.Kc1 h6 9.Be2 Nge7 10.Na3 c3 11.bxc3 Nd5 12.Nb1 Bc5 13.Bg3 Bf5 14.Nd4 Nxc3
15.Nxc3 Ba3+ 16.Kd2 Nxd4 17.exd4 Rxd4+ 18.Ke3 Bc5 19.Nb5 Re4+ 20.Kd2 Bb4+
21.Kd1 Rd8+ 22.Nd6+ cxd6 23.Bd3 Rd4 24.Rc1+ Kd7 25.Rc4 Rxd3+ 26.Ke2 Bc5 27.Rf4  0-1

[Event "BCF-ch"]
[Site "Brighton"]
[Date "1984.??.??"]
[Round "2"]
[White "Davies, Nigel R"]
[Black "Flear, Glenn C"]
[Result "0-1"]
[WhiteElo "2340"]
[BlackElo "2455"]

1.d4 d5 2.c4 Nc6 3.Nf3 Bg4 4.Qa4 Bxf3 5.exf3 e6 6.Nc3 Ne7 7.cxd5 exd5 8.Be3 g6
9.Bd3 Bg7 10.O-O O-O 11.Ne2 a6 12.Rac1 Qd7 13.Rc5 Rfd8 14.Rfc1 Rac8 15.Qb3 Rb8
16.Bg5 Bxd4 17.Nxd4 Nxd4 18.Qc3 Ne6 19.Qf6 Nxg5 20.Rxc7 Rbc8 21.Rxc8 Nxf3+
22.gxf3 Rxc8 23.Rxc8+ Nxc8 24.h4 Qd6 25.Qg5 h5 26.f4 Ne7 27.f5 Kg7 28.fxg6 fxg6
29.Kg2 Qf6 30.b4 Nf5 31.Qxf6+ Kxf6 32.Kh3 Ke5 33.b5 axb5 34.Bxb5 Kf4 35.Be8 Ne7  0-1

[Event "BCF-ch"]
[Site "Brighton"]
[Date "1984.??.??"]
[Round "4"]
[White "Botterill, George Steven"]
[Black "Flear, Glenn C"]
[Result "1-0"]
[WhiteElo "2430"]
[BlackElo "2455"]

1.d4 d5 2.c4 Nc6 3.Nf3 Bg4 4.cxd5 Bxf3 5.gxf3 Qxd5 6.e3 e5 7.Nc3 Bb4 8.Bd2 Bxc3
9.bxc3 exd4 10.cxd4 Nge7 11.Be2 O-O 12.Qc2 Rad8 13.Rb1 Qg5 14.Kf1 Qh4 15.h3 b6
16.f4 Rd6 17.Bf3 Rfd8 18.Bc1 Rf6 19.Rb5 Rh6 20.Rg5 Rdd6 21.d5  1-0

[Event "BCF-ch"]
[Site "Brighton"]
[Date "1984.??.??"]
[Round "10"]
[White "Giulian, Philip M"]
[Black "Yeo, Michael J"]
[Result "0-1"]
[WhiteElo "2230"]
[BlackElo "2205"]

1.d4 d5 2.c4 Nc6 3.Nc3 dxc4 4.d5 Na5 5.e4 e6 6.Bf4 a6 7.Qa4+ c6 8.dxc6 b5
9.Nxb5 axb5 10.Qxb5 Ba6 11.Qa4 Qb6 12.O-O-O Bb5 13.Qc2 Nb3+ 14.Kb1 Rxa2  0-1

[Event "Bayamo"]
[Site "Bayamo"]
[Date "1985.??.??"]
[Round "3"]
[White "Garcia Gonzales, Guillermo"]
[Black "Sariego, Wilfredo"]
[Result "1-0"]
[WhiteElo "2440"]
[BlackElo "2340"]

1.d4 d5 2.c4 Nc6 3.e3 dxc4 4.Bxc4 Nf6 5.Nc3 e6 6.Nf3 Bb4 7.O-O O-O 8.a3 Bxc3
9.bxc3 e5 10.Nxe5 Nxe5 11.dxe5 Ne4 12.Qd4 Ng5 13.e4 Qxd4 14.cxd4 Nxe4 15.Be3 Nc3
16.Rfc1 Na4 17.Bb3 Nb6 18.d5 Rd8 19.Bxb6 cxb6 20.Rc7 Bf5 21.Rac1 g5 22.d6 Rd7
23.f3 h5 24.Rxd7 Bxd7 25.Rc7 Rd8 26.Rxb7  1-0

[Event "Bayamo"]
[Site "Bayamo"]
[Date "1985.??.??"]
[Round "5"]
[White "Huerta, Ramon"]
[Black "Sariego, Wilfredo"]
[Result "1-0"]
[WhiteElo "2440"]
[BlackElo "2340"]

1.d4 d5 2.c4 Nc6 3.Nc3 dxc4 4.Nf3 Bg4 5.d5 Bxf3 6.exf3 Na5 7.Qa4+ c6 8.b4 cxb3
9.axb3 b6 10.dxc6 a6 11.Bxa6 Qc7 12.Bf4 e5 13.Nd5 Qd6 14.Bb7 Qxd5 15.c7+ b5
16.Bxd5 bxa4 17.Bxa8 Bb4+ 18.Ke2 Ne7 19.Rxa4 exf4 20.Rxb4 Kd7 21.Rb8 Rc8
22.Rxc8 Kxc8 23.b4 Nac6 24.Bxc6 Nxc6 25.Rb1 Kd7 26.Kd3 f5 27.Kc4 g5 28.Kd5 h5
29.b5  1-0

[Event "Midwest Masters"]
[Site "Chicago"]
[Date "1985.??.??"]
[Round "2"]
[White "Ginsburg, Mark"]
[Black "Sage, T."]
[Result "0-1"]
[WhiteElo "2415"]
[BlackElo "2200"]

1.d4 d5 2.c4 Nc6 3.Nf3 Bg4 4.Qa4 Bxf3 5.gxf3 e6 6.Nc3 Ne7 7.e3 g6 8.Bd2 Bg7
9.cxd5 exd5 10.Bb5 O-O 11.Bxc6 Nxc6 12.Qb3 Ne7 13.Qxb7 c5 14.dxc5 Rb8 15.Qxa7 d4
16.exd4 Nc6 17.Qa4 Nxd4 18.O-O-O Qf6 19.Rhe1 Qf5 20.Re4 Qxc5 21.f4 Ra8 22.Qd7 Rxa2
23.Qd5 Ra1+  0-1

[Event "Lugano op"]
[Site "Lugano"]
[Date "1985.??.??"]
[Round "7"]
[White "Vera, Reynaldo"]
[Black "Rewitz, Poul"]
[Result "1-0"]
[WhiteElo "2480"]
[BlackElo "2240"]

1.d4 d5 2.c4 Nc6 3.Nf3 Bg4 4.Nc3 e6 5.cxd5 exd5 6.Bg5 Be7 7.Bxe7 Ngxe7 8.e3 Qd6
9.Be2 O-O 10.O-O f5 11.Ne1 Bxe2 12.Nxe2 Kh8 13.Nf3 a5 14.Rc1 a4 15.a3 Nc8
16.Rc5 Nb6 17.Qc2 Na5 18.Rxc7 Nbc4 19.Rc5 b6 20.Rb5 Qd7 21.Nc3 Rac8 22.Rxd5 Qe7
23.Rxf5 Rxf5 24.Qxf5 Rf8 25.Qc2 Nb3 26.Nxa4 Rxf3 27.Qxc4 Nd2 28.Qe2  1-0

[Event "New York op"]
[Site "New York"]
[Date "1985.??.??"]
[Round "1"]
[White "Wilder, Michael"]
[Black "Barouty, Daniel"]
[Result "1-0"]
[WhiteElo "2460"]
[BlackElo "2250"]

1.d4 d5 2.c4 Nc6 3.Nf3 Bg4 4.Nc3 Nf6 5.cxd5 Nxd5 6.e4 Nb6 7.d5 Ne5 8.Nxe5 Bxd1
9.Bb5+ c6 10.dxc6 Ba4 11.Nxa4 Qc7 12.cxb7+ Kd8 13.Nxf7+  1-0

[Event "Prague op"]
[Site "Prague"]
[Date "1985.??.??"]
[Round "?"]
[White "Michenka, Jozef"]
[Black "Bartels, Hans A"]
[Result "1/2-1/2"]
[WhiteElo "2340"]
[BlackElo "2200"]

1.d4 d5 2.c4 Nc6 3.Nc3 dxc4 4.e3 e5 5.d5 Na5 6.Qa4+ c6 7.dxc6 Nxc6 8.Bxc4 Bd6
9.Nf3 Nf6 10.e4 h6 11.O-O Bg4 12.Be2 O-O  1/2-1/2

[Event "Wch U20"]
[Site "Sharjah"]
[Date "1985.??.??"]
[Round "10"]
[White "Grivas, Efstratios"]
[Black "Gil, Javier"]
[Result "1-0"]
[WhiteElo "2395"]
[BlackElo "2265"]

1.d4 d5 2.c4 Nc6 3.Nf3 Bg4 4.cxd5 Bxf3 5.gxf3 Qxd5 6.e3 e5 7.Nc3 Bb4 8.Bd2 Bxc3
9.bxc3 exd4 10.cxd4 Nge7 11.Be2 O-O 12.Qb1 Ng6 13.Qe4 Qd6 14.Rb1 Rfe8 15.Qf5 Rad8
16.Qc5 Qe6 17.Bc3 b6 18.Qb5 Rd5 19.Qc4 Qd7 20.Qa4 Nh4 21.Rg1 g6 22.Rd1 b5
23.Qb3 a6 24.Rg4 Rh5 25.Bb2 Nf5 26.d5 Ne5 27.Re4 Nd6 28.Rxe5 Rhxe5 29.Bxe5 Rxe5
30.f4 Re4 31.Qc2 f5 32.Rc1 Re7 33.Qc6 Nc4 34.Qc5 Nb6 35.Bd1 Kg7 36.Bb3 Kf6
37.Qd4+ Kf7 38.d6+ Nc4 39.dxe7  1-0

[Event "Hoogovens-B"]
[Site "Wijk aan Zee"]
[Date "1985.??.??"]
[Round "8"]
[White "Bohm, Hans"]
[Black "Sowray, Peter J"]
[Result "1/2-1/2"]
[WhiteElo "2435"]
[BlackElo "2330"]

1.d4 d5 2.c4 Nc6 3.Nf3 Bg4 4.Nc3 e6 5.cxd5 exd5 6.Bg5 Be7 7.Bxe7 Ngxe7 8.e3 Qd6
9.Rc1 O-O 10.Be2 Rae8 11.Qb3 Na5 12.Qb5 b6 13.O-O c6 14.Qd3 Ng6 15.Rfe1 Qd7
16.b3 Nb7 17.Na4 f5 18.Qc3 f4 19.Qxc6 Qxc6 20.Rxc6 fxe3 21.fxe3 Rxe3 22.Ba6 Rxe1+
23.Nxe1 Nd8 24.Rc1 Ne6 25.Nc2 Ngf4 26.Nc3 h5 27.Re1 Ng5 28.Nxd5 Nfh3+ 29.gxh3 Nxh3+
30.Kg2 Rf2+ 31.Kg3 Rf3+ 32.Kg2 Rf2+ 33.Kg3 Rf3+  1/2-1/2

[Event "OHRA-B"]
[Site "Amsterdam"]
[Date "1986.??.??"]
[Round "4"]
[White "Gheorghiu, Florin"]
[Black "Meulders, Richard"]
[Result "1/2-1/2"]
[WhiteElo "2555"]
[BlackElo "2370"]

1.d4 d5 2.c4 Nc6 3.Nf3 Bg4 4.cxd5 Bxf3 5.dxc6 Bxc6 6.Nc3 e6 7.e4 Bb4 8.f3 Qh4+
9.g3 Qf6 10.Be3 O-O-O 11.Bg2 Ba5 12.Qd2 h6 13.O-O Bb6 14.Rad1 Ne7 15.b4 Kb8
16.f4 Qg6 17.a4 a5 18.b5 Bd7 19.Qf2 Bc8 20.Bf3 h5 21.Kh1 f6 22.Rd2 Qf7 23.Rfd1 Rhe8
24.Be2 Rh8 25.Bf3 Rhe8 26.Be2 Rh8  1/2-1/2

[Event "OHRA-B"]
[Site "Amsterdam"]
[Date "1986.??.??"]
[Round "7"]
[White "Blees, Albert"]
[Black "Boersma, Paulus A"]
[Result "1/2-1/2"]
[WhiteElo "2360"]
[BlackElo "2400"]

1.d4 d5 2.c4 Nc6 3.Nc3 dxc4 4.Nf3 Nf6 5.d5 Na5 6.b4 cxb3 7.axb3 e6 8.Qd4 c6
9.dxc6 Qxd4 10.Nxd4 Bb4 11.Bd2 Nxc6 12.Nxc6 bxc6 13.e4 O-O 14.f3 Rd8 15.O-O-O a5
16.Kc2 Bb7 17.Bc4 c5 18.Be3 Bc6 19.Na4 Bxa4 20.bxa4 Kf8 21.Bb5 Ne8 22.Bc6 Rac8
23.Bd7 Rc7 24.Bb5 Rcc8 25.Bd7 Rc7  1/2-1/2

[Event "OHRA-B"]
[Site "Amsterdam"]
[Date "1986.??.??"]
[Round "9"]
[White "Pieterse, Gert"]
[Black "Boersma, Paulus A"]
[Result "0-1"]
[WhiteElo "2265"]
[BlackElo "2400"]

1.d4 d5 2.c4 Nc6 3.Nc3 dxc4 4.Nf3 Nf6 5.Bg5 a6 6.d5 Na7 7.e4 Nb5 8.Qc2 Nxc3
9.bxc3 b5 10.a4 Bb7 11.Nd4 Nxd5 12.exd5 Qxd5 13.Nf3 e5 14.Rd1 Qe4+ 15.Qxe4 Bxe4
16.Ra1 Bd6 17.axb5 axb5 18.Rxa8+ Bxa8 19.Be2 Kd7 20.O-O Bd5 21.Rd1 Ke6 22.Be3 h6
23.Ne1 Be4 24.Ra1 Ra8 25.Rxa8 Bxa8 26.f3 f5 27.Nc2 f4 28.Bf2 g5 29.Bd1 Kd7
30.h3 Bd5 31.Nb4 Be6 32.Bc2 c5 33.Na6 Kc6 34.Be4+ Kb6 35.Nb4 Ka5 36.Nc6+ Ka4
37.Be1 b4 38.Bd2 Ka3 39.Nd8 Bg8 40.Nb7 Be7 41.Bc1+ Kb3 42.Kf1 Kxc3 43.Ke2 Kb3
44.Kd1 c3 45.Na5+ Ka4 46.Nc6 Bd6 47.Kc2 Bc4 48.Nd8 Bc7 49.Nc6 Bf1 50.Ne7 c4
51.Nf5 Bb6 52.g4 Bd4 53.Nxd4 exd4  0-1

[Event "OHRA-B"]
[Site "Brussels"]
[Date "1986.??.??"]
[Round "?"]
[White "Flear, Glenn C"]
[Black "Pergericht, Daniel"]
[Result "1-0"]
[WhiteElo "2505"]
[BlackElo "2345"]

1.d4 d5 2.c4 Nc6 3.Nc3 Nf6 4.Bg5 Ne4 5.Nxe4 dxe4 6.d5 e6 7.Bxd8 Bb4+ 8.Qd2 Bxd2+
9.Kxd2 Nxd8 10.e3 c6 11.dxc6 Nxc6 12.Ne2 Ke7 13.Nc3 f5 14.Be2 Ne5 15.Rhd1 Bd7
16.Kc2 Rhc8 17.b3 a6 18.Kb2 Rab8 19.Rac1 Be8 20.Nb1 g5 21.g3 Rc7 22.Na3 Bg6
23.c5 Be8 24.b4 a5 25.bxa5 Ra8 26.a6 bxa6 27.Rd6 Rb8+ 28.Rb6 Rcb7 29.Rxb7+ Rxb7+
30.Kc3 Rc7 31.Kb2 Nd7 32.Bxa6 Nxc5 33.Bc4 Rb7+ 34.Kc3 Rc7 35.Kd2 Rd7+ 36.Ke1 Rc7
37.Rb1 Bh5 38.Nb5 Rb7 39.Nc3 Rc7 40.Nb5 Rb7 41.Rc1 Be8 42.Rb1 Kf6 43.Kd2 Ke5
44.Kc2 Nd3 45.f4+ gxf4 46.gxf4+ Kf6 47.a4 Nc5 48.a5 e5 49.Nc3 Bc6 50.a6 Rxb1
51.Kxb1 exf4 52.exf4 Ne6 53.Bd5 Nc7 54.Bxc6 Nxa6 55.Kc1  1-0

[Event "OHRA-B"]
[Site "Brussels"]
[Date "1986.??.??"]
[Round "?"]
[White "Flear, Glenn C"]
[Black "Boey, Josef"]
[Result "1/2-1/2"]
[WhiteElo "2505"]
[BlackElo "2390"]

1.d4 d5 2.c4 Nc6 3.Nc3 Nf6 4.Nf3 Bg4 5.cxd5 Nxd5 6.e4 Nxc3 7.bxc3 e5 8.d5 Nb8
9.Rb1 Bd6 10.Rxb7 O-O 11.Be2 Nd7 12.Rb2 Nc5 13.Ng5 Bd7 14.Be3 Rb8 15.Rxb8 Qxb8
16.Qc1 h6 17.Bxc5 Bxc5 18.Nf3 Qb6 19.O-O Bg4 20.Qc2 Bxf3 21.Bxf3  1/2-1/2

[Event "OHRA-B"]
[Site "Brussels"]
[Date "1986.??.??"]
[Round "?"]
[White "Kouatly, Bachar"]
[Black "Geenen, Marc"]
[Result "1/2-1/2"]
[WhiteElo "2430"]
[BlackElo "2255"]

1.d4 d5 2.c4 Nc6 3.Nc3 Nf6 4.Nf3 Bg4 5.Ne5 Nxe5 6.dxe5 d4 7.Nb1 Ng8 8.Qb3 Rb8
9.Qa4+ Bd7 10.Qxa7 Bc6 11.e6 g6 12.Bf4 Bg7 13.Qc5 Nf6 14.Nd2 fxe6 15.Qe5 Rc8
16.e3  1/2-1/2

[Event "Canada zt"]
[Site "Canada"]
[Date "1986.??.??"]
[Round "?"]
[White "Stone, Raymond"]
[Black "Pajak, John T"]
[Result "1-0"]
[WhiteElo "2305"]
[BlackElo "2310"]

1.d4 d5 2.c4 Nc6 3.Nc3 dxc4 4.e3 g6 5.Bxc4 Bg7 6.Nf3 e6 7.O-O Nge7 8.a3 O-O
9.Qe2 a6 10.Rd1 Nd5 11.Bd2 b6 12.e4 Nxc3 13.Bxc3 Ne7 14.Bd2 Bb7 15.Bf4 Nc8
16.d5 exd5 17.Bxd5 Bxd5 18.Rxd5 Qe7 19.Rad1 c5 20.Rd7 Qf6 21.Be5 Qe6 22.Bxg7 Kxg7
23.e5 h6 24.Qe4 Rb8 25.h4 Re8 26.Qf4 Re7 27.Rd8 b5 28.Rh8 Kxh8 29.Qxh6+ Kg8
30.Ng5 Rd7 31.Qh7+  1-0

[Event "FRA-chB"]
[Site "Epinal"]
[Date "1986.??.??"]
[Round "7"]
[White "Kappler, Jean Marie"]
[Black "Dubois, Jean Marie"]
[Result "1-0"]
[WhiteElo "2240"]
[BlackElo "2320"]

1.d4 d5 2.c4 Nc6 3.Nf3 Bg4 4.e3 e5 5.dxe5 d4 6.exd4 Bxf3 7.Qxf3 Qxd4 8.Be2 Bb4+
9.Nc3 Nge7 10.O-O O-O 11.Rd1 Qxe5 12.Bf4 Qf6 13.Bxc7 Bxc3 14.Qxc3 Qxc3 15.bxc3 Rfc8
16.Bg3 Na5 17.Rd7 Nec6 18.c5 f6 19.Bf3 Ne5 20.Bxe5 fxe5 21.Bxb7 Nxb7 22.Rxb7 Rxc5
23.Rd1 Rxc3 24.g3 Ra3 25.Rdd7 Rxa2 26.Rxg7+ Kf8 27.Rxh7 Kg8 28.Rhe7 a5 29.h4  1-0

[Event "Gausdal Int"]
[Site "Gausdal"]
[Date "1986.??.??"]
[Round "?"]
[White "Plachetka, Jan"]
[Black "Gausel, Einar"]
[Result "1-0"]
[WhiteElo "2450"]
[BlackElo "2315"]

1.d4 d5 2.c4 Nc6 3.Nc3 dxc4 4.Nf3 Nf6 5.e3 e5 6.Bxc4 exd4 7.exd4 Bd6 8.O-O O-O
9.h3 Bf5 10.Re1 h6 11.Ne5 Na5 12.Bf1 Nc6 13.Bf4 Nb4 14.Qf3 Nc2 15.Bxh6 Nxd4
16.Qf4 Bxe5 17.Rxe5 Nh5 18.Qe3 Nc2 19.Qf3 Bg6 20.Rd1 Nd4 21.Qg4 Nf6 22.Qh4 Nd7
23.Qxd4 Nxe5 24.Qxe5 f6 25.Qe6+ Bf7 26.Qg4  1-0

[Event "Lugano op"]
[Site "Lugano"]
[Date "1986.??.??"]
[Round "?"]
[White "Tukmakov, Vladimir B"]
[Black "Vincent, Stephane"]
[Result "1-0"]
[WhiteElo "2570"]
[BlackElo "2260"]

1.d4 d5 2.c4 Nc6 3.Nc3 dxc4 4.Nf3 Bg4 5.d5 Bxf3 6.exf3 Ne5 7.Bf4 Ng6 8.Bxc4 Nf6
9.Bg3 a6 10.O-O b5 11.Nxb5 axb5 12.Bxb5+ Nd7 13.Rc1 Ra7 14.Qd4 Qb8 15.Qxa7 Qxa7
16.Rxc7 Qxc7 17.Bxc7 Nh4 18.Rc1 Nf5 19.Bb6  1-0

[Event "SWE-ch"]
[Site "Malmo"]
[Date "1986.??.??"]
[Round "?"]
[White "Ornstein, Axel"]
[Black "Brynell, Stellan"]
[Result "1-0"]
[WhiteElo "2405"]
[BlackElo "2345"]

1.d4 d5 2.c4 Nc6 3.Nc3 Nf6 4.Bg5 Ne4 5.cxd5 Nxc3 6.bxc3 Qxd5 7.Nf3 Bg4 8.Qb3 e6
9.e3 Bd6 10.Be2 O-O 11.Bh4 Qe4 12.Bg3 e5 13.O-O Be6 14.Qxb7 Bd5 15.Qb1 Qg4
16.h3 Qg6 17.Qxg6 hxg6 18.c4 Be4 19.c5  1-0

[Event "SWE-ch"]
[Site "Malmo"]
[Date "1986.??.??"]
[Round "?"]
[White "Wiedenkeller, Michael"]
[Black "Brynell, Stellan"]
[Result "1-0"]
[WhiteElo "2460"]
[BlackElo "2345"]

1.d4 d5 2.c4 Nc6 3.Nc3 Nf6 4.cxd5 Nxd5 5.Nf3 Bg4 6.e4 Nxc3 7.bxc3 e5 8.d5 Nb8
9.Qa4+ Nd7 10.Be3 Bd6 11.Nd2 O-O 12.f3 Bh5 13.Be2 f6 14.O-O Qe7 15.Kh1 Kh8
16.Rfc1 Rfd8 17.Qd1 Bc5 18.Qg1 Bxe3 19.Qxe3 Qc5 20.Qd3 Be8 21.Nb3 Qa3 22.Qb5 Nb6
23.Qc5 Qxc5 24.Nxc5 Rab8 25.g3 Na4 26.Ne6 Rdc8 27.f4 Bd7 28.f5 Kg8 29.Rab1 Bxe6
30.fxe6 Kf8 31.Kg2 Ke7 32.Kf3 Rd8 33.Ke3 Nc5 34.g4 Rf8 35.Rf1 Rbd8 36.Rf3 h6
37.h4 Rh8 38.Rbf1 Rdf8 39.Rg3 g5 40.Rh3 Rfg8 41.Rhf3 Rf8 42.Rh3 Rfg8 43.Rfh1 gxh4
44.Rxh4 Rg6 45.R4h2 Rh7 46.Rh3 Rh8 47.Rh5 Rh7 48.g5 fxg5 49.Bg4 Rh8 50.Bf5 Rg7
51.Kf3 Na4 52.c4 Nb2 53.c5 Na4 54.Rc1 a5 55.Rh2 g4+ 56.Kg3 h5 57.Kh4 g3 58.d6+ Kf6
59.Rg2 b6 60.e7 Nxc5 61.dxc7 Rg4+ 62.Kh3 Rgg8 63.Rxg3 Rc8 64.Bxc8 Rxc8 65.Rd1 Kxe7
66.Rg7+  1-0

[Event "Malmo op"]
[Site "Malmo"]
[Date "1986.??.??"]
[Round "?"]
[White "Schussler, Harry"]
[Black "Agdestein, Simen"]
[Result "1/2-1/2"]
[WhiteElo "2455"]
[BlackElo "2535"]

1.d4 d5 2.c4 Nc6 3.Nf3 Bg4 4.cxd5 Bxf3 5.gxf3 Qxd5 6.e3 e6 7.Nc3 Qh5 8.f4 Qxd1+
9.Kxd1 O-O-O 10.Bg2 Nce7 11.Ke2 Nf6 12.Ne4 Nxe4 13.Bxe4 h6 14.Rg1 g6 15.Bd2 Bg7
16.Rac1 Bf6 17.h3 g5 18.fxg5 hxg5 19.Bg2 Rd7 20.Rc2 Kb8  1/2-1/2

[Event "Malmo op"]
[Site "Malmo"]
[Date "1986.??.??"]
[Round "?"]
[White "Donaldson, John W"]
[Black "Brynell, Stellan"]
[Result "1-0"]
[WhiteElo "2420"]
[BlackElo "2320"]

1.d4 d5 2.c4 Nc6 3.Nf3 Bg4 4.cxd5 Bxf3 5.gxf3 Qxd5 6.e3 e5 7.Nc3 Bb4 8.Bd2 Bxc3
9.bxc3 exd4 10.cxd4 Nge7 11.Be2 O-O 12.O-O Rad8 13.Kh1 Rd6 14.Rg1 Rfd8 15.Qb3 Qh5
16.Rg2 Nd5 17.Rag1 g6 18.Rg5 Qh3 19.f4 Qd7 20.Bc4 Qe7 21.Qb1 Nb6 22.Bb3 Qf6
23.Rf5 Qh4 24.Bxf7+ Kh8 25.d5 gxf5 26.Bc3+ Rf6 27.Qxf5 Nd7 28.dxc6 bxc6 29.Qg5  1-0

[Event "Munich"]
[Site "Munich"]
[Date "1986.??.??"]
[Round "?"]
[White "Grivas, Efstratios"]
[Black "Enigl, Karl"]
[Result "1-0"]
[WhiteElo "2360"]
[BlackElo "2230"]

1.d4 d5 2.c4 Nc6 3.Nc3 dxc4 4.d5 Ne5 5.Bf4 Ng6 6.Bg3 e5 7.e3 a6 8.Bxc4 Bd6
9.h4 Nh6 10.h5 Ne7 11.e4 O-O 12.Qd2 Bd7 13.Nh3 f6 14.f4 Bxh3 15.gxh3 exf4
16.Bxf4 Nf7 17.O-O-O Bxf4 18.Qxf4 Qd6 19.Qf2 Ne5 20.Bb3 Kh8 21.Rhg1 b5 22.Kb1 Rab8
23.Ne2 a5 24.Nf4 a4 25.Bc2 a3 26.b3 Rf7 27.Ne6 b4 28.Rxg7 Ng4 29.Rxg4  1-0

[Event "POL-ch"]
[Site "?"]
[Date "1986.??.??"]
[Round "1"]
[White "Panczyk, Krzysztof"]
[Black "Sygulski, Artur"]
[Result "1-0"]
[WhiteElo "2375"]
[BlackElo "2440"]

1.d4 d5 2.c4 Nc6 3.Nc3 dxc4 4.Nf3 e6 5.e4 Nf6 6.Bxc4 Bb4 7.e5 Nd5 8.Qd3 Na5
9.Bg5 Qd7 10.O-O Nb6 11.Bb5 c6 12.Ba4 h6 13.Bh4 g5 14.Bg3 Nxa4 15.Nxa4 c5
16.Nc3 c4 17.Qe3 Bxc3 18.Qxc3 b6 19.d5 Qxd5 20.Rad1 Qc5 21.Rd6 Bb7 22.Rfd1 Nc6
23.Nd2 Ne7 24.Nxc4 Bd5 25.b3 O-O 26.h4 Nf5 27.hxg5 Kh7 28.R1xd5 exd5 29.Qd3 Qd4
30.Qxf5+ Kg8 31.Ne3 Qe4 32.Qh3 h5 33.Qxh5 Kg7 34.Qh6+ Kg8 35.Qh3 Rae8 36.Ng4 Qb1+
37.Kh2 Re6 38.Nf6+ Kg7 39.Qh6+  1-0

[Event "BCF-ch"]
[Site "Southampton"]
[Date "1986.??.??"]
[Round "4"]
[White "Hawksworth, John C"]
[Black "Yeo, Michael J"]
[Result "0-1"]
[WhiteElo "2400"]
[BlackElo "2240"]

1.d4 d5 2.c4 Nc6 3.Nc3 dxc4 4.Nf3 Nf6 5.Bg5 a6 6.d5 Na5 7.e4 c6 8.dxc6 Qxd1+
9.Rxd1 bxc6 10.Bf4 Bg4 11.Bc7 Nb7 12.Bxc4 Nd6 13.Bb3 Bxf3 14.gxf3 Nb5 15.Nxb5 axb5
16.Ke2 e6 17.Rhg1 g6 18.Rc1 Rc8 19.Rxc6 Kd7 20.Rgc1 Ne8 21.Be5 Rxc6 22.Rd1+ Rd6
23.Bxh8 Rxd1 24.Bxd1 Bd6 25.h3 f6 26.a4 b4 27.a5 Ke7 28.Ke3 Bc7 29.Ba4 Nd6
30.a6 Bb6+ 31.Ke2 Nf7 32.Bg7 g5 33.Bb3 Ne5 34.f4 gxf4 35.Bh6 Nc6 36.Bc4 Bc7
37.Kf3 Ne5+ 38.Ke2 Nxc4 39.Kd3 Ne5+ 40.Kc2 Nc6 41.Kb3  0-1

[Event "BCF-ch"]
[Site "Southampton"]
[Date "1986.??.??"]
[Round "6"]
[White "Wicker, Kevin J"]
[Black "Hazelton, Martin"]
[Result "1/2-1/2"]
[WhiteElo "2305"]
[BlackElo "2145"]

1.d4 d5 2.c4 Nc6 3.cxd5 Qxd5 4.Nf3 e5 5.Nc3 Bb4 6.Bd2 Bxc3 7.Bxc3 e4 8.Ne5 Nge7
9.e3 Nxe5 10.dxe5 Qxd1+ 11.Rxd1 Be6 12.a3 Rd8 13.Bb5+ c6 14.Rxd8+ Kxd8 15.Ba4 Kc7
16.Bc2 Bd5 17.O-O Nf5 18.Bd2 Nh4 19.Bb4 Re8 20.Bd6+ Kc8 21.f4 Nf5 22.Bc5 b6
23.Bd4 c5 24.Ba4 Rd8 25.Bc3 Nxe3  1/2-1/2